000 01106nam0a22002771 4500
001 rc\866564
005 20041129093212.8
035 _a(NLR Aleph) 006045492
090 _a4749380
_c4749380
100 _a20041129d1984 u |0rusy50 ca
101 0 _arus
102 _aRU
105 _ay |||||||||
200 1 _aЭкономика, организация и планирование эксплуатации и ремонта дорожных машин
_e[Учеб. для автомоб.-дор. техникумов]
205 _a3-е изд., перераб. и доп.
210 _aМ.
_cТранспорт
_d1984
215 _a216 с.
_d21
300 _aЗагл. корешка: ... и ремонта машин
320 _aБиблиогр.: с. 212 (9 назв.)
517 0 _aЭкономика, организация и планирование эксплуатации и ремонта машин
700 1 _aСтрюков
_bБ. Ф.
_gБорис Федорович
801 0 _aRU
_bNLR
_gpsbo
801 1 _aRU
_bELAR
_2rusmarc
852 _aNLR
_j85-5/1280
942 _cBOOK
980 _aNB